[Event "OP-2013-0-03017"]
[Site "LSS email"]
[Date "2013.09.23"]
[Round "?"]
[White "Tallo, Laszlo"]
[Black "Vontina, Maria"]
[Result "1-0"]
[WhiteElo "1601"]
[BlackElo "815"]
[PlyCount "39"]
[EventDate "2013.09.21"]
[EventType "tourn (corr)"]
[EventRounds "4"]
[EventCountry "GER"]
[SourceTitle "Corr 2022"]
[Source "ChessBase"]
[SourceDate "2021.10.24"]
[SourceVersion "1"]
[SourceVersionDate "2021.10.24"]
[SourceQuality "1"]

1. e4 e6 2. d4 d5 3. Nc3 Bb4 4. e5 c5 5. a3 Bxc3+ 6. bxc3 Nc6 7. Nf3 cxd4 8. cxd4 Qa5+ 9. Bd2 Qa4 10. Rb1 Qxa3 11. Bd3 a6 12. 0-0 Nge7 13. Ng5 h6 14. Qh5 0-0 15. Nh7 Re8 16. Bxh6 Nxd4 17. Nf6+ gxf6 18. Qg4+ Ng6 19. Bxg6 fxg6 20. Qxg6+ 1-0